MARC details
| 000 -LEADER |
| fixed length control field |
01836cam a22004695i 4500 |
| 001 - CONTROL NUMBER |
| control field |
23128804 |
| 003 - CONTROL NUMBER IDENTIFIER |
| control field |
GBCCL |
| 005 - DATE AND TIME OF LATEST TRANSACTION |
| control field |
20241126110726.0 |
| 008 - FIXED-LENGTH DATA ELEMENTS--GENERAL INFORMATION |
| fixed length control field |
221228s2022 ii b 000 0 eng d |
| 010 ## - |
| -- |
2023339636 |
| 020 ## - INTERNATIONAL STANDARD BOOK NUMBER |
| International Standard Book Number |
9789395457026 |
| Qualifying information |
(paperback) |
| 020 ## - INTERNATIONAL STANDARD BOOK NUMBER |
| International Standard Book Number |
9395457023 |
| 025 ## - OVERSEAS ACQUISITION NUMBER |
| Overseas acquisition number |
I-E-2023339636; 13-91 |
| 035 ## - SYSTEM CONTROL NUMBER |
| System control number |
(OCoLC)on1356500937 |
| 035 ## - SYSTEM CONTROL NUMBER |
| System control number |
(OCoLC)1356500937 |
| 037 ## - SOURCE OF ACQUISITION |
| Source of stock number/acquisition |
Library of Congress -- New Delhi Overseas Office |
| 040 ## - CATALOGING SOURCE |
| Original cataloging agency |
DKAGE |
| Language of cataloging |
eng |
| Description conventions |
rda |
| Transcribing agency |
DKAGE |
| Modifying agency |
OCLCF |
| -- |
DLC |
| 042 ## - |
| -- |
lccopycat |
| -- |
lcode |
| 043 ## - |
| -- |
a-ii--- |
| 082 04 - DEWEY DECIMAL CLASSIFICATION NUMBER |
| Classification number |
230.09541 |
| Edition information |
23 |
| Item number |
THA |
| 100 1# - MAIN ENTRY--PERSONAL NAME |
| Personal name |
Thanzauva, K., |
| Relator term |
author. |
| 9 (RLIN) |
17583 |
| 245 10 - TITLE STATEMENT |
| Title |
Theology of community : |
| Remainder of title |
tribal theology in the making (revised and enlarged) / |
| Statement of responsibility, etc. |
K. Thanzauva. |
| 264 #1 - PRODUCTION, PUBLICATION, DISTRIBUTION, MANUFACTURE, AND COPYRIGHT NOTICE |
| Place of production, publication, distribution, manufacture |
Delhi : |
| Name of producer, publisher, distributor, manufacturer |
Christian World Imprints, |
| Date of production, publication, distribution, manufacture, or copyright notice |
2022. |
| 300 ## - PHYSICAL DESCRIPTION |
| Extent |
xii, 295 pages ; |
| Dimensions |
22 cm |
| 336 ## - CONTENT TYPE |
| Content type term |
text |
| Content type code |
txt |
| Source |
rdacontent |
| 337 ## - MEDIA TYPE |
| Media type term |
unmediated |
| Media type code |
n |
| Source |
rdamedia |
| 338 ## - CARRIER TYPE |
| Carrier type term |
volume |
| Carrier type code |
nc |
| Source |
rdacarrier |
| 504 ## - BIBLIOGRAPHY, ETC. NOTE |
| Bibliography, etc. note |
Includes bibliographical references (pages 252-295). |
| 650 #0 - SUBJECT ADDED ENTRY--TOPICAL TERM |
| Topical term or geographic name entry element |
Theology, Doctrinal |
| Geographic subdivision |
India, Northeastern. |
| 9 (RLIN) |
1828 |
| 650 #0 - SUBJECT ADDED ENTRY--TOPICAL TERM |
| Topical term or geographic name entry element |
Christianity |
| Geographic subdivision |
India, Northeastern. |
| 9 (RLIN) |
945 |
| 650 #0 - SUBJECT ADDED ENTRY--TOPICAL TERM |
| Topical term or geographic name entry element |
Christianity and culture |
| Geographic subdivision |
India, Northeastern. |
| 9 (RLIN) |
1830 |
| 650 #7 - SUBJECT ADDED ENTRY--TOPICAL TERM |
| Topical term or geographic name entry element |
Christianity. |
| Source of heading or term |
fast |
| Authority record control number or standard number |
(OCoLC)fst00859599 |
| 9 (RLIN) |
479 |
| 650 #7 - SUBJECT ADDED ENTRY--TOPICAL TERM |
| Topical term or geographic name entry element |
Christianity and culture. |
| Source of heading or term |
fast |
| Authority record control number or standard number |
(OCoLC)fst00859660 |
| 9 (RLIN) |
886 |
| 650 #7 - SUBJECT ADDED ENTRY--TOPICAL TERM |
| Topical term or geographic name entry element |
Scheduled tribes in India |
| General subdivision |
Religion. |
| Source of heading or term |
fast |
| Authority record control number or standard number |
(OCoLC)fst01354679 |
| 9 (RLIN) |
17584 |
| 650 #7 - SUBJECT ADDED ENTRY--TOPICAL TERM |
| Topical term or geographic name entry element |
Theology, Doctrinal. |
| Source of heading or term |
fast |
| Authority record control number or standard number |
(OCoLC)fst01149617 |
| 9 (RLIN) |
14 |
| 651 #0 - SUBJECT ADDED ENTRY--GEOGRAPHIC NAME |
| Geographic name |
India, Northeastern |
| General subdivision |
Scheduled tribes |
| -- |
Religion. |
| 9 (RLIN) |
17585 |
| 651 #7 - SUBJECT ADDED ENTRY--GEOGRAPHIC NAME |
| Geographic name |
India. |
| Source of heading or term |
fast |
| Authority record control number or standard number |
(OCoLC)fst01210276 |
| 9 (RLIN) |
13064 |
| 651 #7 - SUBJECT ADDED ENTRY--GEOGRAPHIC NAME |
| Geographic name |
Northeastern India. |
| Source of heading or term |
fast |
| Authority record control number or standard number |
(OCoLC)fst01692634 |
| 9 (RLIN) |
15291 |
| 906 ## - LOCAL DATA ELEMENT F, LDF (RLIN) |
| a |
7 |
| b |
par |
| c |
copycat |
| d |
3 |
| e |
ncip |
| f |
20 |
| g |
y-gencatlg |
| 942 ## - ADDED ENTRY ELEMENTS (KOHA) |
| Source of classification or shelving scheme |
Dewey Decimal Classification |
| Koha item type |
Books |
| Koha issues (borrowed), all copies |
2 |